Estadísticas para 100 mayores ciudades del mundo con mapa

Haz click aquí para intentar la prueba.

Estadísticas generales

  • Esta prueba ha sido intentada 326 veces
  • La puntuación promedio es 52 de 100

Respuestas en el mapa

Las respuestas están codificadas por una escala verde-roja en el mapa de la prueba según el % correcto abajo.
 

Estadísticas de respuestas

PopulationUrban Area% Correcto
22.4 mNueva York
96%
22.8 mCiudad de México
94%
6.45 mMadrid
94%
14.7 mLondres
93%
17.2 mMoscú
93%
11.4 mParís
92%
16.3 mBuenos Aires
91%
40.2 mTokio
90%
4.73 mBarcelona
89%
4.75 mBerlín
88%
9.90 mLima
88%
17.8 mLos Angeles
88%
7.20 mSantiago
87%
9.80 mBogotá
86%
6.35 mMiami
85%
20.4 mPekín
84%
13.1 mRio de Janeiro
84%
5.20 mMilán
83%
22.2 mSão Paulo
82%
9.75 mChicago
81%
20.5 mEl Cairo
81%
15.8 mEstambul
81%
5.60 mSan Petersburgo
80%
5.20 mSídney
80%
7.85 mSan Francisco
79%
4.98 mAnkara
76%
35.9 mShanghái
75%
30.6 mYakarta
74%
7.65 mBoston
73%
29.4 mDelhi
71%
25.2 mManila
71%
15.0 mTeherán
70%
18.3 mBangkok
69%
7.75 mRiad
69%
6.85 mBagdad
67%
8.55 mWashington D. C.
67%
4.90 mDubái
66%
17.7 mOsaka
66%
24.7 mBombay
65%
18.8 mLagos
65%
13.7 mJohannesburgo
64%
5.70 mAlejandría
63%
7.10 mDallas
63%
5.95 mNairobi
63%
24.7 mSeúl
63%
19.5 mDaca
62%
5.25 mGuadalajara
62%
8.70 mKuala Lumpur
61%
7.80 mSingapur
61%
6.60 mHouston
60%
4.85 mMelbourne
58%
16.6 mCalcuta
55%
45.6 mCantón
55%
12.0 mKinsasa
55%
4.93 mMonterrey
55%
7.35 mToronto
54%
5.70 mDetroit
53%
5.80 mAtlanta
52%
7.35 mFiladelfia
52%
7.45 mHong Kong
52%
6.15 mJartum
52%
4.95 mAcra
51%
7.90 mLuanda
51%
5.45 mAmán
44%
8.85 mWuhan
42%
9.10 mTaipéi
40%
11.8 mBangalore
39%
17.3 mKarachi
39%
4.98 mBelo Horizonte
37%
4.73 mColombo
37%
6.15 mDar es-Salam
33%
8.60 mCiudad Ho Chi Minh
31%
12.6 mLahore
29%
11.0 mChennai
24%
6.80 mXi'an
24%
10.5 mNagoya
23%
13.2 mTianjin
22%
4.78 mYeda
21%
9.85 mHyderabad
19%
5.45 mAbiyán
17%
5.50 mRangún
17%
9.90 mXiamen
16%
8.25 mAhmedabad
12%
6.70 mNankín
12%
6.00 mSurabaya
12%
9.80 mChengdu
11%
8.30 mHangzhou
11%
5.15 mHarbin
11%
4.83 mChittagong
10%
8.05 mChongqing
10%
6.85 mBandung
9%
6.35 mSurat
8%
6.70 mPune
7%
5.95 mQingdao
7%
4.75 mChangsha
5%
7.90 mShenyang
4%
5.35 mZhengzhou
4%
4.83 mHefei
3%
7.70 mShantou
3%
5.25 mWenzhou
3%

Distribución de puntuación

Porcentaje por número respondido

Porcentaje de gente con cada puntuación

Historial de tus puntuaciones

No has intentado esta prueba.